00881cam a22002417a 450000100100000000500170001000800410002702000150006804000180008308200180010110000350011924500830015426000420023730000280027949000320030765000280033965000310036770000320039883000390043091000340046995201210050399900150062400000794620200929154349.0001117s1992 ck j 001 f spa  a9580701768 aDO-SdBNPcDLC a863.64bG633p1 aGómez Cerda, Alfredo.92175013aEl puente de piedra /cAlfredo Gómez Cerda ; ilustraciones de Antonio Tello. aMedellin, Colombia :bEDILUX,cc1992. a178 p. :bil. ;c19 cm.1 aNovela de vacaciones Edilux 4aNovela española91123 4aLiteratura española96321 aTello, Antonio,eil.921751 0aNovela de vacaciones Edilux921752 aCatalogación por copia / LC 001052708MOaGRbGRcCTd2009-09-11iLF1l0o863.64 G633pp7946-10r2020-06-25w2020-06-25y2ZPréstamo interno c7724d7724